Study of perceived stress and pandemic effects among university students

Elmentve itt :
Bibliográfiai részletek
Szerzők: Kovács-Berta Renáta
Dudok Fanni
Dombi Edina
Dokumentumtípus: Cikk
Megjelent: 2022
Sorozat:ÉVKÖNYV - ÚJVIDÉKI EGYETEM MAGYAR TANNYELVŰ TANÍTÓKÉPZŐ KAR 17 No. 1
Tárgyszavak:
doi:10.18485/uns_evkonyv.2022.5

mtmt:33750335
Online Access:http://publicatio.bibl.u-szeged.hu/27095
LEADER 00829nab a2200229 i 4500
001 publ27095
005 20230502080750.0
008 230502s2022 hu o 0|| Angol d
022 |a 2217-8198 
024 7 |a 10.18485/uns_evkonyv.2022.5  |2 doi 
024 7 |a 33750335  |2 mtmt 
040 |a SZTE Publicatio Repozitórium  |b hun 
041 |a Angol 
100 2 |a Kovács-Berta Renáta 
245 1 0 |a Study of perceived stress and pandemic effects among university students  |h [elektronikus dokumentum] /  |c  Kovács-Berta Renáta 
260 |c 2022 
300 |a 62-79 
490 0 |a ÉVKÖNYV - ÚJVIDÉKI EGYETEM MAGYAR TANNYELVŰ TANÍTÓKÉPZŐ KAR  |v 17 No. 1 
650 4 |a Pszichológia 
700 0 1 |a Dudok Fanni  |e aut 
700 0 1 |a Dombi Edina  |e aut 
856 4 0 |u http://publicatio.bibl.u-szeged.hu/27095/1/uns_evkonyv-2022-5.pdf  |z Dokumentum-elérés